000 01487nam a22003857a 4500
003 CHAP
005 20220329134849.0
008 971013s1977 r 00010 d
010 _a27127
011 _a28099
035 _a32201
040 _cCHAP
082 _a630.72
_bL3
100 0 0 _aLaird, Reggie J.
_964497
245 _aInvestigación agronómica para el desarrollo de la agricultura tradicional
260 _aChapingo, Méx. :
_bENA. Colegio de Postgraduados. Rama de Suelos,
_c1977
300 _a175 p.
590 _aBATCH-UPD
_b10
_c20130110
_lUCH01
_h1032
590 _aBATCH-UPD
_b10
_c20130410
_lUCH01
_h0635
590 _aBATCH-UPD
_b10
_c20130913
_lUCH01
_h2143
590 _aBATCH-UPD
_b10
_c20130914
_lUCH01
_h2124
590 _aBATCH-UPD
_b10
_c20140805
_lUCH01
_h1144
590 _aCONVERSION
_b10
_c20130109
_lUCH01
_h1316
650 1 4 _aAgricultura de temporal.
_91999
650 1 4 _aAgricultura
_xInnovaciones tecnológicas.
_91565
650 1 4 _aAgricultura
_xInvestigación.
_91577
650 1 4 _aAgricultura
_zMéxico.
_91932
901 _aBK
942 _cLIBRO
949 _a630.72 L3
_bBC
_cLIBRO
_d-74480
_eLIBRO
_fc.4
_h41726
_i32201
_mD
_si
949 _a630.72 L3
_bBC
_cLIBRO
_d-74481
_eLIBRO
_fc.5
_h41727
_i32201
_mD
_si
949 _a630.72 L3
_bBC
_cLIBRO
_d33724000042545
_eLIBRO
_fc.3
_h41725
_i32201
_si
949 _a630.72 L3
_bBC
_cLIBRO
_d33724000042636
_eLIBRO
_h41723
_i32201
_mD
_si
949 _a630.72 L3
_bBC
_cLIBRO
_d33724000703336
_eLIBRO
_fc.2
_h41724
_i32201
_kReposiciØn
_sb
999 _c27127
_d27127